000
00292nam a22001337a 4500
008
180928b xxu||||| |||| 00| 0 eng d
020
_a
9781256793847
041
_a
eng
080
_a
330
100
_a
52
101
_a
MBE
245
_a
Economics by Design
_c
Collinge, R.A
942
_2
udc
_c
BK
999
_c
48652
_d
48652